000 007630000a22002170004500
003 LK-CoMWRAF
005 20230926183616.0
008 230817t1991 ||||| |||| 00| 0 eng d
040 _aLK-CoMWRAF
_dLK-CoMWRAF
_eLK-CoMWRAF
041 _aeng
082 _a297.577
_bARE
245 _aAre women & men equal before Allah
260 _aSelangor :
_bSisters in Islam,
_c1991
300 _a12 p. ; 19 cm.
500 _aSisters of Islam show that oppressive interpretations of the Quran are influenced by cultural practices and vales which regard women as inferior and subordinate to men.
650 _aIslam
650 _aEquality -- Religious aspects -- Islam
650 _aWomen's rights -- Religious aspects -- Islam
650 _aWomen in Islam
942 _cBK
999 _c81
_d81